| 000 | 00731nam a2200229 a 4500 | ||
|---|---|---|---|
| 001 | 000023479 | ||
| 005 | 20200930022240.0 | ||
| 008 | 101209s1988 cu a r 000 1 spa d | ||
| 040 |
_aDO-SdBNP _bspa _cBNPHU |
||
| 082 |
_aCu863.44 _bT655c |
||
| 100 | 1 |
_aTomás, Angel _948375 |
|
| 245 | 1 | 0 |
_aCrónicas para caminantes / _cAngel Tomás ; ilustraciones de Daysi Carmona; edición de Carlos Pino-Santos Navarro. |
| 260 |
_aLa Habana : _bPolítica, _c1988. |
||
| 300 |
_a267 p. : _bil. ; _c21 cm. |
||
| 490 | 1 | _aEnero | |
| 650 | 4 |
_aNovela cubana _92316 |
|
| 650 | 4 |
_aLiteratura cubana _91483 |
|
| 700 | 1 |
_aCarmona, Daysi _eil. _948376 |
|
| 700 | 1 |
_aPino-Santos Navarro, Carlos _eed. _948377 |
|
| 830 | 0 |
_aEnero _948378 |
|
| 049 | _aBNGR | ||
| 999 |
_c22975 _d22975 |
||